Pharmaceutical practice / (رقم التسجيلة. 37161)

تفاصيل مارك
000 -الفاتح
حقل البيانات ثابتة الطول 01328cam a2200373 i 4500
001 - رقم الضبط
رقم الضبط 17725283
003 - محدد رقم الضبط
رقم الضبط OSt
005 - وقت وتاريخ اخر تعامل مع التسجيلة
رقم الضبط 20150504134747.0
008 - عناصر البيانات ثابتة الطول - معلومات عامة
حقل البيانات ثابتة الطول 130501s2014 stka 001 0 eng
010 ## - رقم ضبط مكتبة الكونجرس
رقم ضبط مكتبة الكونجرس 2013017786
020 ## - الرقم الدولى المعيارى للكتب
الرقم الدولى المعيارى للكتاب 9780702051432 (paperback)
020 ## - الرقم الدولى المعيارى للكتب
الرقم الدولى المعيارى للكتاب 9780702051449 (international)
020 ## - الرقم الدولى المعيارى للكتب
الرقم الدولى المعيارى للكتاب الملغى /الخاطئ 9780702052828 (ebook)
035 ## - رقم ضبط النظام
رقم ضبط النظام (DNLM)101607308
040 ## - مصدر الفهرسة
وكالة الفهرسة الأصلية DNLM/DLC
وكالة النسخ DLC
قواعد الوصف rda
وكالة التعديل DLC
042 ## - رمز التحقق
رمز التحقق pcc
050 00 - رقم طلب مكتبة الكونجرس
رقم التصنيف RS91
رقم المادة .P44 2014
060 10 - رقم الطلب بالمكتبة الطبية الوطنية
رقم التصنيف QV 779
082 00 - رقم تصنيف ديوى العشرى
رقم التصنيف 615.4
رقم الطبعة 23
رقم المادة PHP
245 00 - بيان العنوان
العنوان Pharmaceutical practice /
بيان المسئوليه,etc edited by Judith A. Rees, Ian Smith, Jennie Watson.
250 ## - بيان الطبعة
بيان الطبعة Fifth edition.
300 ## - الوصف المادى
التعداد xvii, 552 pages :
تفاصيل ماديه اخرى للوعاء illustrations ;
أبعاد الوعاء 25 cm
500 ## - تبصرة عامة
تبصرة عامة Includes index.
650 12 - المدخل الاضافى بالموضوع-مصطلح موضوعى
مصطلح موضوعي أو اسم جغرافي كعنصر مدخل Drug Compounding.
9 (RLIN) 47959
650 22 - المدخل الاضافى بالموضوع-مصطلح موضوعى
مصطلح موضوعي أو اسم جغرافي كعنصر مدخل Dosage Forms.
9 (RLIN) 47960
650 22 - المدخل الاضافى بالموضوع-مصطلح موضوعى
مصطلح موضوعي أو اسم جغرافي كعنصر مدخل Pharmacy.
9 (RLIN) 47961
700 1# - المدخل الاضافى - اسم شخصى
الإسم الشخصى Rees, Judith A.,
الدور editor of compilation.
9 (RLIN) 47962
700 1# - المدخل الاضافى - اسم شخصى
الإسم الشخصى Smith, Ian,
التواريخ المصاحبة للاسم 1959 November 24-
الدور editor of compilation.
9 (RLIN) 47963
700 1# - المدخل الاضافى - اسم شخصى
الإسم الشخصى Watson, Jennie,
التواريخ المصاحبة للاسم 1966-
الدور editor of compilation.
9 (RLIN) 47964
776 08 - مدخل الشكل المادى الاضافى
نص العرض Online version:
العنوان Pharmaceutical practice
الطبعة Fifth edition.
الناشر و مكان و تاريخ النشر Edinburgh : Elsevier Ltd., 2014
الرقم الدولى المعيارى للكتاب 9780702052828
رقم ضبط التسجيلة (DLC) 2013018486
906 ## - عنصر بيانات محلى F, LDF (RLIN)
a 7
b cbc
c orignew
d 1
e ecip
f 20
g y-gencatlg
942 ## - عناصر المدخل الإضافي( كوها)
مصدر التصنيف او مخطط الترفيف Dewey Decimal Classification
Koha [default] item type كتاب
المقتنيات
حالة الفقد نموذج السعر الفعال حالة تلف ليس للاعارة رقم الطلب تاريخ الاكتساب الموقع الحالي الباركود الفرع الرئيسي Date last seen نوع المادة فى نظام كوها مصدر التصنيف او خطة الترفيف Total Checkouts
  2015-05-04     615.4 PHP 2015-05-04 المكتبة المركزية بالمجمعة (CL) 007500133 المكتبة المركزية بالمجمعة (CL) 2015-05-04 كتاب Dewey Decimal Classification  
  2015-05-04     615.4 PHP 2015-05-04 المكتبة المركزية بالمجمعة (CL) 007500134 المكتبة المركزية بالمجمعة (CL) 2015-05-04 كتاب Dewey Decimal Classification